The smart office of 2030 (Record no. 81889)
[ view plain ]
| 000 -LEADER | |
|---|---|
| fixed length control field | 01012cab a22001935a 4500 |
| 001 - CONTROL NUMBER | |
| control field | L148578 |
| 008 - FIXED-LENGTH DATA ELEMENTS--GENERAL INFORMATION | |
| fixed length control field | 091005s2009 xxka f 000 0 eng d |
| 035 ## - SYSTEM CONTROL NUMBER | |
| System control number | (Sirsi) u148578 |
| 041 0# - LANGUAGE CODE | |
| Language code of text/sound track or separate title | eng |
| 100 1# - MAIN ENTRY--PERSONAL NAME | |
| Personal name | Puybaraud, Marie |
| 245 04 - TITLE STATEMENT | |
| Title | The smart office of 2030 |
| Remainder of title | a hive of activity |
| 260 ## - PUBLICATION, DISTRIBUTION, ETC. | |
| Date of publication, distribution, etc. | 2009 |
| 490 #0 - SERIES STATEMENT | |
| Series statement | Facilities Management |
| Volume/sequential designation | 16(12) September 2009, 16-18(3) |
| 520 ## - SUMMARY, ETC. | |
| Summary, etc. | The workplace of the future is revealed in 'The Smart Workplace in 2030', a new report from Johnson Controls Global Workplace Innovation (summary at www.johnsoncontrols.com). Argues that technology is the strongest force driving the future workplace and based on this premise predicts what that workplace will be like and how it will look. Presents three key scenarios: the hive, the eco-office and Gattaca. The research suggests that the hive and eco-office concepts will have the biggest impact. |
| 590 ## - LOCAL NOTE (RLIN) | |
| Local note | KA |
| 651 #4 - SUBJECT ADDED ENTRY--GEOGRAPHIC NAME | |
| Geographic name | International |
| 690 ## - LOCAL SUBJECT ADDED ENTRY--TOPICAL TERM (OCLC, RLIN) | |
| Topical term or geographic name as entry element | MANAGEMENT-FACILITIES MANAGEMENT-SPACE PLANNING |
| 942 ## - ADDED ENTRY ELEMENTS (KOHA) | |
| Suppress in OPAC | 0 |
| Withdrawn status | Lost status | Source of classification or shelving scheme | Damaged status | Not for loan | Home library | Current library | Shelving location | Date acquired | Total Checkouts | Full call number | Barcode | Date last seen | Copy number | Price effective from | Koha item type |
|---|---|---|---|---|---|---|---|---|---|---|---|---|---|---|---|
| Dewey Decimal Classification | London | London | Journal article | 05/10/2009 | L148578 | 148578-1001 | 06/08/2019 | 1 | 06/08/2019 | Journal article |